| 000 | 00419nam a22000977a 4500 | ||
|---|---|---|---|
| 008 | 160502b xxu||||| |||| 00| 0 eng d | ||
| 100 | _aWerenskiold, Carl | ||
| 245 | _a10 Ore Norway, Norw. catalog # 36 | ||
| 260 |
_bScandinavian Collectors Club _c1975 |
||
| 650 | _aNorway | 1882 | 19th Century | Definitive Issues | Production | Errors and Varieties -- Printing | Engraving | Stamps -- Histories | Collecting -- Identification | ||
| 999 |
_c1969 _d1969 |
||